1940s Albums - Statistics

General Stats
  • This quiz has been taken 100 times
  • The average score is 7 of 20
Answer Stats
Picture Answer % Correct
The Voice of Frank Sinatra - Frank Sinatra
88%
King Louis - Louis Armstrong
86%
Souvenir Album - Ella Fitzgerald
63%
Billie Holiday - Billie Holiday
62%
Going My Way - Bing Crosby
61%
Glenn Miller - Glenn Miller
52%
Black, Brown and Beige - Duke Ellington
42%
You're My Thrill - Doris Day
37%
The Immortal Charlie Parker - Charlie Parker
35%
Groovin' High - Dizzy Gillespie
31%
Sextet Section - Benny Goodman
31%
Zodiac Suite - Mary Lou Williams
23%
Songs by Lead Belly - Lead Belly / Sonny Terry
21%
Dust Bowl Ballads: Volume 1 - Woody Guthrie
18%
Four Star Favorites - Artie Shaw
13%
The Fabulous Jimmy Dorsey - Jimmy Dorsey
11%
Louis Jordan and His Tympany Five - Louis Jordan and His Tympany Five
8%
The King Cole Trio - The King Cole Trio
7%
Talking Union - The Almanac Singers
6%
Folk Songs of the Hills - Merle Travis
4%
No matching quizzes found
Score Distribution
Percent of People with Each Score
Percentile by Number Answered
Your Score History
You have not taken this quiz